| 000 | 00974nam0a22002651 4500 | ||
|---|---|---|---|
| 001 | rc\233176 | ||
| 005 | 20250621011715.0 | ||
| 010 |
_a5-7545-0241-9 _99000 |
||
| 035 | _a(NLR Aleph) 005495831 | ||
| 090 |
_a5255570 _c5255570 |
||
| 100 | _a20030307d1990 |||y0rusy50 ca | ||
| 101 | 0 |
_arus _afin |
|
| 102 | _aRU | ||
| 105 | _aa ||||||||| | ||
| 200 | 1 |
_aМаленький хоровод _dPiiri pieni pyörii _eФин. дет. нар. хороводы _e[Для дошк. и мл. шк. возраста] _fХельми Мальми _g[Пер. А. Микшиевой _gХудож. В.Х. Лукконен] |
|
| 210 |
_aПетрозаводск _cКарелия _d1990 |
||
| 215 |
_a90, [4] с. _cцв. ил., нот. ил. _d22 |
||
| 300 | _aТекст парал.: фин., рус. | ||
| 510 | 0 | _aPiiri pieni pyörii | |
| 700 | 1 |
_aМальми _bХ. _gХельми |
|
| 801 | 0 |
_aRU _bNLR _gpsbo |
|
| 801 | 1 |
_aRU _bELAR _2rusmarc |
|
| 852 |
_aNLR _j91-6/80 |
||
| 942 | _cBOOK | ||
| 980 | _aNB | ||